| 000 | 00381cam a2200145ua 4500 | ||
|---|---|---|---|
| 041 |
_aeng _h |
||
| 082 |
_a613.62 _bFEA/IN |
||
| 100 | _aFeatherstone, Donald.F . | ||
| 245 |
_aIndustrial Injuries / _cF.Donald Featherstone. _hTextual Documents |
||
| 260 |
_a : _bBristol:John wright and sons Ltd , _c1964. |
||
| 300 | _a154 ; . | ||
| 504 | _a | ||
| 942 | _cBK | ||
| 999 |
_c1189 _d1189 |
||